| 000 | 00600cam a22002053a 4500 | ||
|---|---|---|---|
| 001 | 44249 | ||
| 003 | PGUSA | ||
| 005 | 20140828084018.0 | ||
| 008 | 131121s2013||||xxu|||||s|||||000 | eng d | ||
| 040 |
_aPGUSA _beng |
||
| 042 | _adc | ||
| 100 | 1 |
_aHeyliger, William, _d1884-1955 |
|
| 245 | 1 | 0 |
_aDetectives, Inc. : _bA Mystery Story for Boys _h[electronic resource] / _cWilliam Heyliger |
| 260 |
_bProject Gutenberg, _c2013 |
||
| 506 | _aPublic domain in the USA. | ||
| 516 | _aElectronic text | ||
| 830 | 0 |
_aProject Gutenberg _v44249 |
|
| 856 | 4 | 0 | _uhttp://www.gutenberg.org/ebooks/44249 |
| 942 | _cEB | ||
| 999 |
_c273500 _d273500 |
||